• 首页
  • 本馆介绍
  • 公告通知
  • 最新文献
  • 馆藏检索
  • 电子资源
  • 读者导购
  • 参考咨询
  • 我的图书馆
  • 登录
  • 详细信息显示
  • 放入我的书架
  • 预约/预借图书
  • 作者相关作品
  • 分类相关作品
  • 丛书相关作品
  • 出版社相关作品

书目信息

  • 表格格式
  • 工作单格式
  • 卡片格式
题名:
人口学体系
    
 
作者: 瓦连捷伊 , Валентеё 著编 ;侯文若 译
分册:  
出版信息: 北京   中国人民大学出版社  1981
页数: 330页
开本: 19cm
丛书名:
单 册:
中图分类: C92 , D92
科图分类:
主题词: 人口学 , 法律--中国
电子资源:
ISBN:
000 00742nam0 2200265 45
001 0181010772
005 20060726102256.70
010    @dCNY0.89
091    @a3011.158
100    @a19960215d1981 em y0chiy0121 ea
101 1  @achi@crus
102    @aCN@b110000
105    @ay z 000yy
200 10 @a人口学体系@Aren kou xue ti xi@f(苏)瓦连捷伊(Валентеё,Д.И)著编@g侯文若译
210    @a北京@c中国人民大学出版社@d1981
215    @a330页@d19cm
606    @a人口学
606 0  @a法律@x中国
690    @aC92@v3 
690    @aD92
701  1 @a瓦连捷伊@Awa lian jie yi@bД.И@4著编
701 A1 @aВалентеё@bД.И@4著编
702  0 @a侯文若@Ahou wen ruo@4译
801  0 @aCN@bNLC@c20060726
905    @f2@b45675-676@dC92@e4
    
    人口学体系/(苏)瓦连捷伊(Валентеё,Д.И)著编/侯文若译.-北京:中国人民大学出版社,1981
    330页;19cm
    
    
    ISBN :CNY0.89
    
●
相关链接 在E读中查询图书 在五车中查询图书 在当当中查询图书 在豆瓣中查询图书


正题名:人口学体系     索取号:C92/4         预约/预借

序号 登录号 条形码 馆藏地/架位号 状态 备注
1 0045674   001853523   密集书库/ [索取号:C92/4] 在馆    
2 0045675   001030556   密集书库/ [索取号:C92/4] 在馆    
3 0045676   001030565   第一样本阅览室/ [索取号:C92/4] 在馆    
4 0425444   204254449   密集书库/ [索取号:C92/4] 在馆    
5 0426511   204265115   密集书库/ [索取号:C92/4] 在馆    
唐山师范学院图书馆 欢迎您!
大连网信软件有限公司© 版权所有